000 00290nam a2200133Ia 4500
008 230312s9999||||xx |||||||||||||| ||und||
082 _a891.4
_bQAS-A
100 _aQasmi, Ahmad Nadeem
245 0 _aAass Paass
260 _bSangeMeel
300 _a112
650 _aLiterature
942 _cBK
999 _c8661
_d8661